Pojmová architektúra poznávania a jej využívanie pri príprave manažérov na budovanie sociálne zrelej ľudskej spoločnosti
Základy pojmovej architektúry poznávania. Poznávanie, poznatky. Základný pojem architektúry poznávania - oznámenie a jeho komunikovateľnosť nazývame oznamovaním. Vysvetlenie podstaty pojmov architektúry poznávania. Informácie, vedomosti, poznatky. Využívanie pojmovej architektúry poznávania pri príp...
Salvato in:
| Autore principale: | |
|---|---|
| Natura: | Capitolo di libro |
| Lingua: | slovacco |
| Soggetti: | |
| Tags: |
Nessun Tag, puoi essere il primo ad aggiungerne!!
|
MARC
| LEADER | 00000nla$a2200000$$$4500 | ||
|---|---|---|---|
| 001 | 0105579 | ||
| 005 | 20240502072153.9 | ||
| 041 | 0 | |a slo | |
| 044 | |a SK | ||
| 245 | 1 | 0 | |a Pojmová architektúra poznávania a jej využívanie pri príprave manažérov na budovanie sociálne zrelej ľudskej spoločnosti |c Ján Porvazník |
| 520 | |a Základy pojmovej architektúry poznávania. Poznávanie, poznatky. Základný pojem architektúry poznávania - oznámenie a jeho komunikovateľnosť nazývame oznamovaním. Vysvetlenie podstaty pojmov architektúry poznávania. Informácie, vedomosti, poznatky. Využívanie pojmovej architektúry poznávania pri príprave manažérov. | ||
| 610 | 2 | 0 | |a vedomosti |
| 610 | 2 | 0 | |a zručnosti |
| 610 | 2 | 0 | |a informácie |
| 610 | 2 | 0 | |a dáta |
| 610 | 2 | 0 | |a manažéri |
| 100 | 1 | |a Porvazník, Ján | |